Kapitálové investice a finanční rozhodování
Salvato in:
| Autore principale: | |
|---|---|
| Altri autori: | , , |
| Natura: | Libro |
| Lingua: | ceco |
| Pubblicazione: |
Praha
GRADA Publishing
1999
|
| Soggetti: | |
| Tags: |
Nessun Tag, puoi essere il primo ad aggiungerne!!
|
MARC
| LEADER | 00000nam a2200000 4500 | ||
|---|---|---|---|
| 001 | c110075 | ||
| 005 | 20230220124105.9 | ||
| 020 | |a 80-7169-504-1 | ||
| 041 | 0 | |a cze | |
| 044 | |a CZ | ||
| 245 | 1 | 0 | |a Kapitálové investice a finanční rozhodování |c Haim Levy, Marshall Sarnat ; [překlad: Lidmila Janečková, Milan Třaskalík] |
| 264 | 1 | |a Praha |b GRADA Publishing |c 1999 | |
| 300 | |a 920 s. | ||
| 610 | 2 | 0 | |a investície kapitálové |
| 610 | 2 | 0 | |a rozhodovanie finančné |
| 610 | 2 | 0 | |a politika finančná |
| 610 | 2 | 0 | |a rozpočtovníctvo |
| 610 | 2 | 0 | |a kapitál |
| 610 | 2 | 0 | |a ciele podnikové |
| 610 | 2 | 0 | |a firmy |
| 610 | 2 | 0 | |a výdavky |
| 610 | 2 | 0 | |a zámery investičné |
| 610 | 2 | 0 | |a peniaze |
| 610 | 2 | 0 | |a úrok |
| 610 | 2 | 0 | |a diskont |
| 610 | 2 | 0 | |a inflácia |
| 610 | 2 | 0 | |a projekty |
| 610 | 2 | 0 | |a financovanie |
| 610 | 2 | 0 | |a rezervy |
| 610 | 2 | 0 | |a zásoby |
| 610 | 2 | 0 | |a riziko |
| 610 | 2 | 0 | |a diverzifikácia |
| 610 | 2 | 0 | |a portfólio |
| 610 | 2 | 0 | |a modely |
| 610 | 2 | 0 | |a oceňovanie |
| 610 | 2 | 0 | |a aktíva |
| 610 | 2 | 0 | |a testy |
| 610 | 2 | 0 | |a dane |
| 610 | 2 | 0 | |a bankrot |
| 610 | 2 | 0 | |a náklady |
| 610 | 2 | 0 | |a dividendy |
| 610 | 2 | 0 | |a opcie |
| 610 | 2 | 0 | |a futurity |
| 610 | 2 | 0 | |a kúpa |
| 610 | 2 | 0 | |a prenájom |
| 610 | 2 | 0 | |a fúzie |
| 610 | 2 | 0 | |a devízy |
| 610 | 2 | 0 | |a trh devízový |
| 610 | 2 | 0 | |a mena |
| 100 | 1 | |a Levy, Haim | |
| 700 | 1 | |a Sarnat, Marshall | |
| 700 | 1 | |a Janečková, Lidmila | |
| 700 | 1 | |a Třaskalík, Milan | |